01389nam a2200265 a 450000100100000000500170001000800410002704000250006808200260009310000250011924500470014425000120019126000470020330000300025049000110028050504480029159000260073965000360076565000650080171000610086683000180092791000370094595201240098299900170110600002150120251120073732.0100908s1992 dr r 001 0 spa d aDO-SdBNPbspacBNPHU a510.2433bL865m, 19921 aLora, Ricardo91177110aMatemáticas financieras /cRicardo Lora. a6a. ed. aSantiago de los Caballeros :bUCMM,c1992. a260 p. :bgraf. ;c25 cm.1 aTextos0 aLos números. Repaso de algunas operaciones - Exponentes. Logaritmos; concepto, tabla y su uso - Algunas nociones de estadística - Depreciación - Descuento comercial - Calculo de precios y beneficio - Interés simple - Valor actual u descuento bancario - Interés compuesto - Anualidades vencidas u ordinarias - Anualidades anticipadas y diferidas - Amortización - Bonos. Algunas operaciones - Caso general de las anualidades ciertas. aInventariado, 2018/BT 4aMatemáticas financieras97099 4aMatemáticas financierasxProblemas, ejercicios, etc.971002 aPontificia Universidad Católica Madre y Maestra 9843 0aTextos914460 aValidado. Control de calidad MFF 0010718PDaPDbPDcHDd2010-09-08iLF1l0o510.2433 L865m, 1992p21501-10r2020-06-25w2020-06-25yLFPDZNo se presta c21001d21001